000 01043cam a22002774a 4500
001 1214013
003 GBCCL
005 20241126110357.0
008 990510s1999 cau 000 0deng
010 _a 99031475
020 _a0830723781 (trade)
040 _aDLC
_cDLC
_dDLC
042 _apcc
050 0 0 _aBV4510.2
_b.S2813 1999
082 0 0 _a289.94092
_aB
_221
_bSCA
100 1 _aScataglini, Sergio,
_d1957-
_92366
245 1 4 _aThe fire of His holiness :
_bprepare yourself to enter God's presence /
_cSergio Scataglini.
260 _aVentura, Calif. :
_bRegal,
_cc1999.
300 _a191 p. ;
_c22 cm.
600 1 0 _aScataglini, Sergio,
_d1957-
_92366
650 0 _aChristian life
_xAssemblies of God authors.
_92367
650 0 _aHoliness
_xChristianity.
_92242
906 _a7
_bcbc
_corignew
_d1
_eocip
_f19
_gy-gencatlg
942 _2ddc
_cBK
_04
999 _c1248
_d1248